Agriculture, Rural Development, and related agencies appropriations for fiscal year 2007 : hearings before a subcommittee of the Committee on Appropriations, United States Senate, One Hundred Ninth Congress, second session.
| Corporate Authors: | , |
|---|---|
| Format: | eBook |
| Language: | English |
| Published: |
Washington :
U.S. G.P.O. :
2006-
|
| Series: | U.S. Congressional Hearings.
|
| Subjects: | |
| Online Access: | Connect to the full text of this electronic book Connect to the full text of this electronic book Connect to the full text of this electronic book |
MARC
| Tag | First Indicator | Second Indicator | Subfields |
|---|---|---|---|
| LEADER | 00000cam a22000001a 4500 | ||
| 001 | in00003286133 | ||
| 005 | 20190404200424.0 | ||
| 006 | m d f | ||
| 007 | cr bn mmmapmmp | ||
| 008 | 110909s2006 dcua ob f000 0 eng d | ||
| 035 | |a chdc200600957 | ||
| 040 | |a ProQuest |c ProQuest |d UtOrBLW | ||
| 043 | |a n-us--- | ||
| 074 | |a 1033 | ||
| 074 | |a 1033-A (MF) | ||
| 099 | |a HRG-2006-SAP-0031 (pt.1) | ||
| 099 | |a HRG-2006-SAP-0032 (pt.2) | ||
| 099 | |a HRG-2006-SAP-0005 (pt.3) | ||
| 110 | 1 | |a United States. |b Congress. |b Senate. |b Committee on Appropriations. |b Subcommittee on Agriculture, Rural Development, and Related Agencies. | |
| 245 | 1 | 0 | |a Agriculture, Rural Development, and related agencies appropriations for fiscal year 2007 : |b hearings before a subcommittee of the Committee on Appropriations, United States Senate, One Hundred Ninth Congress, second session. |
| 246 | 1 | 4 | |a Agriculture, Rural Development, and related agencies appropriations, fiscal year 2007 |
| 246 | 1 | 8 | |a Agriculture, Rural Development, and related agencies appropriations, fiscal year 2007 (H.R. 5384) |
| 264 | 1 | |a Washington : |b U.S. G.P.O. : |c 2006- | |
| 264 | 2 | |a Washington : |b For sale by the Supt. of Docs., U.S. G.P.O., | |
| 300 | |a 1 online resource. | ||
| 336 | |a text |b txt |2 rdacontent | ||
| 337 | |a computer |b c |2 rdamedia | ||
| 338 | |a online resource |b cr |2 rdacarrier | ||
| 490 | 1 | |a S. hrg. ; |v 109-323 | |
| 500 | |a Distributed to some depository libraries in microfiche. | ||
| 500 | |a Shipping list number: 2006-0179-P (pts. 1-2), 2007-0092-P (pt. 3). | ||
| 504 | |a Includes bibliographical references. | ||
| 505 | 1 | |a pt. 1. Justifications: Dept. of Agriculture -- pt. 2. Justifications: Dept. of Health and Human Services, Food and Drug Administration, Commodity Futures Trading Commission, Farm Credit Administration -- pt. 3. Dept. of Agriculture, DHHS, nondepartmental witnesses. | |
| 500 | |a Reuse of record except for individual research requires license from ProQuest, LLC. | ||
| 500 | |a Electronic resource. | ||
| 538 | |a System requirements: PDF reader software. | ||
| 610 | 1 | 0 | |a United States. |b Department of Agriculture |x Appropriations and expenditures. |
| 610 | 1 | 0 | |a United States. |b Rural Development |x Appropriations and expenditures. |
| 610 | 1 | 0 | |a United States. |b Department of Health and Human Services |x Appropriations and expenditures. |
| 610 | 1 | 0 | |a United States. |b Food and Drug Administration |x Appropriations and expenditures. |
| 651 | 0 | |a United States |x Appropriations and expenditures, 2007. | |
| 655 | 7 | |a Electronic books. |2 local | |
| 710 | 2 | |a ProQuest (Firm) | |
| 776 | 0 | 8 | |i Print version: |a United States.Congress.Senate.Committee on Appropriations.Subcommittee on Agriculture, Rural Development, and Related Agencies. |t Agriculture, Rural Development, and related agencies appropriations for fiscal year 2007 |w (OCoLC)66900864 |z 0160760453 (pt. 1) |z 9780160760457 (pt. 1) |z 016076047X (pt. 2) |z 9780160760471 (pt. 2) |z 0160775329 (pt. 3) |z 9780160775321 (pt. 3) |
| 776 | 0 | 8 | |i Microfiche version: |a United States.Congress.Senate.Committee on Appropriations.Subcommittee on Agriculture, Rural Development, and Related Agencies. |t Agriculture, Rural Development, and related agencies appropriations for fiscal year 2007 |d [Bethesda, Md.] : ProQuest LLC, [2004] |o CIS 2006 S181-35 (pt.1) |o CIS 2006 S181-36 (pt.2) |o CIS 2006 S181-64 (pt.3) |w (ProQuest)cis00602336 |
| 810 | 1 | |a United States. |b Congress. |b Senate. |t S. hrg. ; |v 109-323. | |
| 830 | 0 | |a U.S. Congressional Hearings. | |
| 856 | 4 | 0 | |u http://proxy.library.tamu.edu/login?url=http://congressional.proquest.com/congcomp/getdoc?HEARING-ID=HRG-2006-SAP-0031 |3 (pt.1) |z Connect to the full text of this electronic book |t 0 |
| 856 | 4 | 0 | |u http://proxy.library.tamu.edu/login?url=http://congressional.proquest.com/congcomp/getdoc?HEARING-ID=HRG-2006-SAP-0032 |3 (pt.2) |z Connect to the full text of this electronic book |t 0 |
| 856 | 4 | 0 | |u http://proxy.library.tamu.edu/login?url=http://congressional.proquest.com/congcomp/getdoc?HEARING-ID=HRG-2006-SAP-0005 |3 (pt.3) |z Connect to the full text of this electronic book |t 0 |
| 998 | |a cis00602336 | ||
| 999 | |a MARS | ||
| 999 | f | f | |s 02e4d07b-bdd1-33a4-b17b-4c254e8a8429 |i be9c5439-b1b7-3429-a635-b4c13b8c7441 |t 0 |
| 952 | f | f | |a Texas A&M University |b College Station |c Electronic Resources |d Available Online |t 0 |e HRG-2006-SAP-0005 (pt.3) |h Other scheme |
| 998 | f | f | |a HRG-2006-SAP-0005 (pt.3) |t 0 |l Available Online |